Loading...
Literature - World Literature | 0 | 5 | 0 | 0 | 50 | 100 | 112.80 | 1 | 3 |
Philosophy | 2 | 2 | 1 | 1 | 45 | 51 | 92.00 | 1 | 2 |
Beliefs | 1 | 3 | 1 | 0 | 40 | 66 | 103.75 | 1 | 3 |
History - Other History | 1 | 2 | 0 | 1 | 35 | 68 | 115.00 | 0 | 1 |
Literature - European Literature | 1 | 2 | 1 | 0 | 30 | 79 | 110.00 | 1 | 2 |
Social Science | 0 | 2 | 0 | 1 | 20 | 117 | 127.00 | 0 | 0 |
Literature - British Literature | 0 | 2 | 0 | 0 | 20 | 109 | 131.50 | 0 | 0 |
History - US History | 0 | 2 | 0 | 0 | 20 | 100 | 114.00 | 0 | 0 |
Other Academic | 0 | 2 | 0 | 1 | 20 | 109 | 136.00 | 0 | 0 |
History - European History | 0 | 1 | 0 | 0 | 10 | 101 | 101.00 | 0 | 1 |
Literature - American Literature | 1 | 0 | 2 | 0 | 5 | 84 | 84.00 | 0 | 0 |
History - World History | 0 | 1 | 1 | 1 | 5 | 146 | 146.00 | 0 | 0 |
Science - Other Science | 0 | 0 | 0 | 0 | 0 | 0.00 | 0 | 0 | |
Science - Chemistry | 0 | 0 | 1 | 0 | -5 | 0.00 | 0 | 0 |